LABOUR AND INDUSTRIAL CASES [1994] LSB-I-C (Record no. 7308)

MARC details
000 -LEADER
fixed length control field 00405nam a22001577a 4500
005 - DATE AND TIME OF LATEST TRANSACTION
control field 20200619132817.0
008 - FIXED-LENGTH DATA ELEMENTS--GENERAL INFORMATION
fixed length control field 200619b xxu||||| |||| 00| 0 eng d
041 ## - LANGUAGE CODE
Language code of text/sound track or separate title eng
082 ## - DEWEY DECIMAL CLASSIFICATION NUMBER
Classification number 345.4
110 ## - MAIN ENTRY--CORPORATE NAME
Corporate name or jurisdiction name as entry element ALL INDIA REPORTER
245 ## - TITLE STATEMENT
Title LABOUR AND INDUSTRIAL CASES [1994] LSB-I-C
260 ## - PUBLICATION, DISTRIBUTION, ETC. (IMPRINT)
Place of publication MUMBAI
Name of publisher ALL INDIA REPORTER Pvt.Ltd.
Year of publication 1994
300 ## - PHYSICAL DESCRIPTION
Number of Pages 1349p.
650 ## - SUBJECT ADDED ENTRY--TOPICAL TERM
Topical Term LAW
942 ## - ADDED ENTRY ELEMENTS (KOHA)
Koha item type Journals/Serial
Holdings
Lost status Damaged status Collection code Home library Current library Shelving location Date acquired Source of acquisition Full call number Accession Number Koha item type
    LAW JRU Library JRU Library SHELF-40-G 01/07/2020 PURCHASE 345.4 24874 Journals/Serial